C plus plus and object-oriented numeric computing for scientists and engineers

Saved in:
Bibliografiske detaljer
Hovedforfatter: Yang, Daoqi (Author)
Format: Bog
Sprog:engelsk
Udgivet: Nueva York Springer 2001
Fag:
Tags: Tilføj Tag
Ingen Tags, Vær først til at tagge denne postø!

MARC

LEADER 00000cam a2200000 a 4500
001 UCE9256
003 CL-VaPUC
008 151016e20010000us |||||||||||||||||eng|d
020 |a 0387989900 
082 0 4 |a 502.855133  |b YAN  |2 21 
100 0 |a Yang, Daoqi  |e author  |9 582029 
245 1 0 |a C plus plus and object-oriented numeric computing for scientists and engineers 
300 |a 440 p 
942 |c BK 
945 |d 20151016 11:49:00  |a cmena 
260 |a Nueva York  |b Springer  |c 2001 
650 7 |a C PLUS PLUS  |2 CL-VaPUC  |9 306200 
650 0 |a Programación orientada al objeto  |9 387863 
583 |a last modification  |c 20151016 11:49:00  |k Rodrigo Vera 
999 |c 360926  |d 360924 
952 |0 0  |1 0  |3 erd  |4 0  |6 502_855133000000000_YAN_2001  |7 0  |8 A  |9 471206  |a BIBMAT  |b BIBMAT  |i 524353K  |l 1  |o 502.855133 YAN 2001  |p 524353K  |r 2025-01-07  |s 2024-03-05  |w 2019-11-24  |y BK  |z Catalogado en:20151016  |k MAT